Aktuálne výzvy manažmentu ľudských zdrojov v automobilovom priemysle Slovenskej republiky

Poukázanie na potrebu identifikácie a ďalšieho výskumu nástrojov manažmentu ľudských zdrojov, ktoré budú slúžiť na podporu a udržanie konkurencieschopnosti zamestnávateľov v automobilovom priemysle Slovenskej republiky.

Salvato in:
Dettagli Bibliografici
Autore principale: Skorková, Zuzana, 1979-
Natura: Capitolo di libro
Lingua:slovacco
Soggetti:
Tags: Aggiungi Tag
Nessun Tag, puoi essere il primo ad aggiungerne!!

MARC

LEADER 00000nla a2200000 4500
001 0238326
005 20240502073845.1
041 0 |a slo 
044 |a SK 
245 1 0 |a Aktuálne výzvy manažmentu ľudských zdrojov v automobilovom priemysle Slovenskej republiky  |c Zuzana Skorková 
520 |a Poukázanie na potrebu identifikácie a ďalšieho výskumu nástrojov manažmentu ľudských zdrojov, ktoré budú slúžiť na podporu a udržanie konkurencieschopnosti zamestnávateľov v automobilovom priemysle Slovenskej republiky. 
610 2 0 |a priemysel automobilový 
610 2 0 |a zdroje ľudské 
610 2 0 |a konkurencieschopnosť 
610 2 0 |a manažment personálny 
610 2 0 |a Slovensko 
100 1 |a Skorková, Zuzana, 1979-